000 00673nam a2200193 i 4500
001 53960
003 ES-MaACL
005 20230906162849.0
007 t|
008 960709s1888 sp |||| | spa d
100 1 _aFerrán y Clúa, Jaime.
_950249
245 1 0 _aEstudios acerca de la rabia y su profilaxis /
_cpor Jaime Ferrán y Clúa.
260 _aMadrid :
_b[s.n.],
_c1888 (
_fTipo-litografía de los sucesores de N. Ramírez y Cía.)
300 _a40 p. ;
_c22 cm.
596 _aPrecede al tít.: Laboratorio Microbiológico de Barcelona.
650 1 4 _aRabia.
_9136800
710 2 _aLaboratorio Microbiológico de Barcelona.
_95474
852 _aES-MaACL
_jT-462-F-10
999 _c53960
_d53960